| 000 | 00879nam a2200253Ia 4500 | ||
|---|---|---|---|
| 003 | OSt | ||
| 005 | 20221005111632.0 | ||
| 006 | a|||||r|||| 00| 0 | ||
| 007 | ta | ||
| 008 | 221004b |||||||| |||| 00| 0 hin d | ||
| 024 | _a31853 | ||
| 037 | _cTextual | ||
| 040 |
_aCRL _cCRL _bhin |
||
| 041 |
_2hin _ahin |
||
| 082 | _aO152,6:g, L1 | ||
| 100 | _aद्विवेदी, हरिहरनाथ | ||
| 245 | 0 |
_aनिबंध _b सिद्धांत और प्रयोग |
|
| 246 | _aNibandha: siddhāanta aur prayoga | ||
| 260 |
_aपटना _bबिहार हिंदी ग्रंथ अकादमी भारत _c1971 |
||
| 300 |
_a191पृ. _ccm. |
||
| 650 | _aहिन्दी निबंध | ||
| 942 |
_hO152,6:g, L1 _cTEXL _2cc |
||
| 999 |
_c1022409 _d1022409 |
||